00672nam a2200241 a 4500001001300000003000900013005001700022008004100039020000800080082001700088100002800105245002500133260002600158300000900184500003500193505001000228650002100238700002800259902000800287942000700295952011300302999001500415nice12345678IN_TiNIC20260116011511.0050524s0000 dela grp 000 0 urd  ac900a297.42bTHA1 aThanwi, Mohd Ashraf Ali aShariat Awr Tareeqat aDelhibTaj Co.,c0000 a543p aincludes index and biblioraphy2 aIndex aSufism-Doctrines1 aThanwi, Mohd Ashraf Ali bSRS cBK 001040708StackRoom-aHMIbHMId2007-07-03g9.00l0o297.42 THA1p03751r2007-07-03v9.00w2005-05-24yBK c2080d2080